000 00451nam a2200145Ia 4500
003 OSt
005 20260226102542.0
008 211028s2019 xx 000 0 und d
040 _cAIMIT LIBRARY
041 _aeng
100 _aShahabaz, Mohammed Ahamed; Kamath, T Ramesh.
_g1716111
_98089
245 _aFinancial statement analysis: a study with reference to Baraka overseas traders /
260 _aMangalore
_bLestan Dsouza
_c2019
942 _2ddc
_cPRO
999 _c219657
_d219657